UM Logo

Journal of foodservice business research / (Record no. 23654)

MARC details
000 -LEADER
fixed length control field 00464nam a22001457a 4500
003 - CONTROL NUMBER IDENTIFIER
control field OSt
005 - DATE AND TIME OF LATEST TRANSACTION
control field 20250829140057.0
008 - FIXED-LENGTH DATA ELEMENTS--GENERAL INFORMATION
fixed length control field 250829b |||||||| |||| 00| 0 eng d
040 ## - CATALOGING SOURCE
Transcribing agency 0
082 ## - DEWEY DECIMAL CLASSIFICATION NUMBER
Classification number DPer 647.95 J826 January-December 2020 v. 23 n. 1-6
245 ## - TITLE STATEMENT
Title Journal of foodservice business research /
260 ## - PUBLICATION, DISTRIBUTION, ETC. (IMPRINT)
Place of publication, distribution, etc. USA ;
Name of publisher, distributor, etc. Taylor & Francis Group ,
Date of publication, distribution, etc. January-December 2020.
300 ## - PHYSICAL DESCRIPTION
Extent Volume 23, various paging :
Other physical details illustrations ;
Dimensions 26 cm.
942 ## - ADDED ENTRY ELEMENTS (KOHA)
Source of classification or shelving scheme Dewey Decimal Classification
Koha item type Periodicals
Holdings
Withdrawn status Lost status Source of classification or shelving scheme Damaged status Not for loan Collection code Home library Current library Date acquired Total Checkouts Full call number Date last seen Price effective from Koha item type Public note
    Dewey Decimal Classification     Periodicals UM Digos College - LIC UM Digos College - LIC 10/16/2023   DPer 647.95 J826 January-December 2020 v. 23 n. 1-6 08/29/2025 10/16/2023 Periodicals Bound periodical